Polymer colloids : formation, characterization and applications
Saved in:
| Other Authors | , |
|---|---|
| Format | Electronic eBook |
| Language | English |
| Published |
Cambridge :
Royal Society of Chemistry,
2020.
|
| Series | RSC soft matter series ;
9. |
| Subjects | |
| Online Access | Full text |
| ISBN | 9781839161216 1839161213 1788014170 9781788014175 |
| Physical Description | 1 online resource |
Cover
| LEADER | 00000cam a2200000 i 4500 | ||
|---|---|---|---|
| 001 | kn-on1130060130 | ||
| 003 | OCoLC | ||
| 005 | 20240717213016.0 | ||
| 006 | m o d | ||
| 007 | cr cn||||||||| | ||
| 008 | 191209s2020 enk o 000 0 eng d | ||
| 040 | |a N$T |b eng |e rda |e pn |c N$T |d EBLCP |d N$T |d OCLCF |d YDX |d UKMGB |d OCLCQ |d LVT |d K6U |d OCLCO |d OCLCQ |d OCLCO |d ZCU |d OCLCQ |d PSYSI |d OCLCQ |d OCLCO |d OCLCL |d SXB |d OCLCQ | ||
| 020 | |a 9781839161216 |q (electronic bk.) | ||
| 020 | |a 1839161213 |q (electronic bk.) | ||
| 020 | |a 1788014170 | ||
| 020 | |a 9781788014175 | ||
| 020 | |z 9781788014175 | ||
| 035 | |a (OCoLC)1130060130 |z (OCoLC)1151497079 |z (OCoLC)1229513276 | ||
| 245 | 0 | 0 | |a Polymer colloids : |b formation, characterization and applications / |c editors: Rodney Priestley, Robert Prud'homme. |
| 264 | 1 | |a Cambridge : |b Royal Society of Chemistry, |c 2020. | |
| 300 | |a 1 online resource | ||
| 336 | |a text |b txt |2 rdacontent | ||
| 337 | |a computer |b c |2 rdamedia | ||
| 338 | |a online resource |b cr |2 rdacarrier | ||
| 490 | 1 | |a RSC Soft Matter Series ; |v 9 | |
| 505 | 0 | |a Development, Characterization, and Application of Novel High Temperature Thermoplastic and Thermosetting Dispersions; Synthesis of Core-Shell Polymer-based Colloids; Flash Nano-precipitation and -complexation to Produce Polymer Colloids; Design and Fabrication of Polymer Microparticles and Capsules Using Microfluidics; Recent Advances in Colloidal Polyelectrolyte Brushes; The Advanced Microscopy of Colloids; Simulations in Polymer Colloid Formation; Glass Transition and Crystallization in Colloidal Polymer Nanoparticles; Transport of Polymer Colloids in Porous Media; Pickering Emulsions Stabilized by Polymer Colloids; Latexes for Advanced Coatings; Polymer Colloids Enable Medical Applications; Polymer Colloids for Cosmetics and Personal Care | |
| 506 | |a Plný text je dostupný pouze z IP adres počítačů Univerzity Tomáše Bati ve Zlíně nebo vzdáleným přístupem pro zaměstnance a studenty | ||
| 590 | |a Knovel |b Knovel (All titles) | ||
| 650 | 0 | |a Polymer colloids. | |
| 655 | 7 | |a elektronické knihy |7 fd186907 |2 czenas | |
| 655 | 9 | |a electronic books |2 eczenas | |
| 700 | 1 | |a Priestley, Rodney, |e editor. | |
| 700 | 1 | |a Prud'homme, Robert K., |d 1948- |e editor. |1 https://id.oclc.org/worldcat/entity/E39PCjFck6tkG3Wvrb4vGjtG6q | |
| 830 | 0 | |a RSC soft matter series ; |v 9. | |
| 856 | 4 | 0 | |u https://proxy.k.utb.cz/login?url=https://app.knovel.com/hotlink/toc/id:kpPCFCA001/polymer-colloids-formation?kpromoter=marc |y Full text |